000 00374nam a2200157Ia 4500
008 230917s9999||||xx |||||||||||||| ||und||
020 _cRS90
040 _e9412
_aMAIN
041 _aEnglish
082 _a541.3453 Y84P
100 _aYoung, D M
245 0 _aPhysical adsorption of gases
260 _aLondon
_bButter Worths
_c1962
300 _axi, 426 p.
942 _cBK
999 _c166976
_d166976